<?xml version="1.0" encoding="UTF-8"?>
<record
    xmlns:xsi="http://www.w3.org/2001/XMLSchema-instance"
    xsi:schemaLocation="http://www.loc.gov/MARC21/slim http://www.loc.gov/standards/marcxml/schema/MARC21slim.xsd"
    xmlns="http://www.loc.gov/MARC21/slim">

  <leader>00592cam a2200193Ia 4500</leader>
  <datafield tag="020" ind1=" " ind2=" ">
    <subfield code="a">3823611690</subfield>
  </datafield>
  <datafield tag="040" ind1=" " ind2=" ">
    <subfield code="c">GZM</subfield>
  </datafield>
  <datafield tag="041" ind1="1" ind2=" ">
    <subfield code="h">ger</subfield>
  </datafield>
  <datafield tag="082" ind1=" " ind2=" ">
    <subfield code="a">633 MAR 1991 A090 Co.</subfield>
  </datafield>
  <datafield tag="100" ind1="1" ind2=" ">
    <subfield code="a">Rehm, Sigmund</subfield>
  </datafield>
  <datafield tag="245" ind1="1" ind2="4">
    <subfield code="a">The cultivated plants of the tropics and subtropics :</subfield>
    <subfield code="b">cultivation, economic value, utilization /</subfield>
  </datafield>
  <datafield tag="250" ind1=" " ind2=" ">
    <subfield code="a">English ed</subfield>
  </datafield>
  <datafield tag="260" ind1=" " ind2=" ">
    <subfield code="a">Weikersheim, West Germany :</subfield>
    <subfield code="b">Margraf,</subfield>
    <subfield code="c">1991</subfield>
  </datafield>
  <datafield tag="300" ind1=" " ind2=" ">
    <subfield code="a">viii, 552 p. :</subfield>
    <subfield code="b">ill. ;</subfield>
    <subfield code="c">21 cm</subfield>
  </datafield>
  <datafield tag="500" ind1=" " ind2=" ">
    <subfield code="a">Translation of Die Kulturpflanzen der Tropen und Subtropen</subfield>
  </datafield>
  <datafield tag="650" ind1=" " ind2="0">
    <subfield code="a">Tropical crops</subfield>
  </datafield>
  <datafield tag="700" ind1="1" ind2=" ">
    <subfield code="a">Espig, Gustav</subfield>
  </datafield>
  <datafield tag="942" ind1=" " ind2=" ">
    <subfield code="c">EK</subfield>
  </datafield>
  <datafield tag="999" ind1=" " ind2=" ">
    <subfield code="c">15936</subfield>
    <subfield code="d">15936</subfield>
  </datafield>
  <datafield tag="952" ind1=" " ind2=" ">
    <subfield code="0">0</subfield>
    <subfield code="1">0</subfield>
    <subfield code="4">0</subfield>
    <subfield code="6">633_000000000000000_MAR_1991_A090_CO</subfield>
    <subfield code="7">0</subfield>
    <subfield code="9">69710</subfield>
    <subfield code="a">LBA</subfield>
    <subfield code="b">LBA</subfield>
    <subfield code="c">A090</subfield>
    <subfield code="d">2017-12-19</subfield>
    <subfield code="o">633 MAR 1991 A090 Co.</subfield>
    <subfield code="p">A14548</subfield>
    <subfield code="r">2017-12-19</subfield>
    <subfield code="w">2017-12-19</subfield>
    <subfield code="y">EK</subfield>
  </datafield>
</record>
